000 01093cam a2200289 a 4500
001 557463
003 NUST-PNEC
005 20170116180723.0
008 881031s1988 stk d 000 0 eng
010 _a 88197938
020 _a1852961503
020 _z0852961511 (pbk.)
040 _cPNEC
050 0 0 _aQ123
_b.C482 1988
082 0 0 _a503.21 WAL
_219
100 _9862
_aWalker, M. B.
245 0 0 _aChambers science and technology dictionary /
_cgeneral editor, Peter M.B. Walker.
260 _aEdinburgh [Scotland] :
_bChambers ;
_aCambridge [England] ;
_aNew York :
_bCambridge University Press,
_cc1988.
300 _axvi, 1008 p. ;
_c24 cm.
500 _ahttp://www.amazon.com/Chambers-Science-Technology-Dictionary-Walker/dp/1852961503/ref=sr_1_4?s=books&ie=UTF8&qid=1414573132&sr=1-4&keywords=cHAMBERS+SCIENCE+AND+TECHNOLOGY+DICTIONARY
650 0 _aScience
_vDictionaries.
650 0 _aTechnology
_vDictionaries.
_vGeneral
700 1 _aWalker, P. M. B.
906 _a7
_bcbc
_corignew
_d2
_encip
_f19
_gy-gencatlg
942 _2ddc
_cBK
999 _c61498
_d61498